[Event "AUT-ch"]
[Site "St Johann im Pongau"]
[Date "2016.07.31"]
[Round "9"]
[White "Hoellrigl, Wilfried"]
[Black "Berger, Herbert"]
[Result "1-0"]
[WhiteElo "2165"]
[BlackElo "2008"]
[PlyCount "55"]
[EventDate "2016.07.23"]
[EventType "swiss"]
[EventRounds "9"]
[EventCountry "AUT"]
[SourceTitle "CBM 173 Extra"]
[Source "ChessBase"]
[SourceDate "2016.08.29"]
[SourceVersion "1"]
[SourceVersionDate "2016.08.29"]
[SourceQuality "1"]

1. e4 c5 2. Nf3 Nc6 3. c3 e5 4. Bc4 Qc7 5. 0-0 Nf6 6. Re1 Be7 7. a4 0-0 8. Na3 a6 9. d4 cxd4 10. cxd4 Bxa3 11. Rxa3 Nxd4 12. Nxd4 Qxc4 13. Nf5 Qe6 14. Rg3 g6 15. Nd6 Ne8 16. Rd3 Nxd6 17. Rxd6 Qe7 18. Bh6 Re8 19. Qd2 f6 20. Re3 Qf7 21. Rf3 Re6 22. h4 a5 23. Rc3 Qe7 24. Rcd3 Ra6 25. Rxd7 Bxd7 26. Rxd7 Red6 27. Rxe7 Rxd2 28. Bxd2 1-0

[Event "AUT-ch"]
[Site "St Johann im Pongau"]
[Date "2016.07.28"]
[Round "6"]
[White "Berger, Herbert"]
[Black "Ager, Josef"]
[Result "1/2-1/2"]
[WhiteElo "2008"]
[BlackElo "2158"]
[PlyCount "100"]
[EventDate "2016.07.23"]
[EventType "swiss"]
[EventRounds "9"]
[EventCountry "AUT"]
[SourceTitle "CBM 173 Extra"]
[Source "ChessBase"]
[SourceDate "2016.08.29"]
[SourceVersion "1"]
[SourceVersionDate "2016.08.29"]
[SourceQuality "1"]

1. d4 b6 2. Nf3 Bb7 3. g3 d6 4. Bg2 Nd7 5. 0-0 Ngf6 6. b3 g6 7. Bb2 Bg7 8. Nbd2 0-0 9. c4 Rb8 10. Qc2 c5 11. d5 e5 12. dxe6 fxe6 13. Bh3 Re8 14. Ng5 Nf8 15. e4 h6 16. Ngf3 e5 17. Nh4 Re7 18. f3 Qe8 19. Rad1 Ne6 20. Bxe6+ Rxe6 21. Nb1 Rc8 22. Nc3 a6 23. Nd5 b5 24. Rf2 Kh7 25. Re1 Ng8 26. Ng2 Bxd5 27. exd5 Re7 28. Rfe2 Qf7 29. f4 exf4 30. Nxf4 Rxe2 31. Rxe2 bxc4 32. bxc4 Ne7 33. Bxg7 Kxg7 34. Ne6+ Kh7 35. Rf2 Qg8 36. g4 Rb8 37. Qd1 g5 38. Qf1 Kh8 39. Qa1+ Kh7 40. Qf1 Kh8 41. Rf7 Rb1 42. Qxb1 Qxf7 43. Qb8+ Kh7 44. Qxd6 Qf6 45. Qxc5 Ng6 46. Qf2 Nf4 47. Nxf4 gxf4 48. Kg2 Qe5 49. Qc2+ Kg7 50. h3 Qe3 1/2-1/2

[Event "AUT-ch"]
[Site "St Johann im Pongau"]
[Date "2016.07.27"]
[Round "5"]
[White "Mostbauer, Maximilian"]
[Black "Berger, Herbert"]
[Result "1-0"]
[WhiteElo "2184"]
[BlackElo "2008"]
[PlyCount "101"]
[EventDate "2016.07.23"]
[EventType "swiss"]
[EventRounds "9"]
[EventCountry "AUT"]
[SourceTitle "CBM 173 Extra"]
[Source "ChessBase"]
[SourceDate "2016.08.29"]
[SourceVersion "1"]
[SourceVersionDate "2016.08.29"]
[SourceQuality "1"]

1. d4 Nf6 2. Nf3 e6 3. c4 b6 4. g3 Ba6 5. b3 c6 6. Bg2 d5 7. Nbd2 Bb4 8. 0-0 Nbd7 9. Bb2 0-0 10. a3 Be7 11. Re1 Rc8 12. Rc1 Bb7 13. Ne5 Nxe5 14. dxe5 Nd7 15. e4 Nc5 16. Bf1 dxe4 17. Nxe4 Nxe4 18. Rxe4 c5 19. Re1 Qxd1 20. Rcxd1 Rcd8 21. Bg2 Bxg2 22. Kxg2 Rxd1 23. Rxd1 Rd8 24. Rxd8+ Bxd8 25. Kf3 Be7 26. Ke4 Kf8 27. f4 g6 28. Bc3 a5 29. Bd2 h5 30. h3 Kg7 31. g4 hxg4 32. hxg4 Bd8 33. b4 a4 34. bxc5 bxc5 35. Be3 Bb6 36. f5 Ba7 37. Bg5 Bb6 38. Be7 gxf5+ 39. gxf5 Kh6 40. Kf4 Kh5 41. Bd6 Kh4 42. Bf8 Kh5 43. Be7 Kh6 44. Kg4 Ba7 45. Bf8+ Kh7 46. Kg5 Kg8 47. Bd6 Kg7 48. Bc7 exf5 49. Kxf5 Kf8 50. Kf6 Ke8 51. e6 1-0